Music Quiz

Random Music or Lyrics Quiz

Sung Titles: Bob Dylan Quiz Stats

Quiz not verified by Sporcle

Challenge
Share
Tweet
Embed
Score 0/25 Timer 05:00
0 Plays Today
% Correct
Blowin' in the Wind
89.3%
Mr Tambourine Man
88.8%
Like a Rolling Stone
88.8%
Lay, Lady, Lay
86.1%
Shelter from the Storm
84.9%
Knockin' on Heaven's Door
84.2%
Maggie's Farm
84.2%
The Times they are a-Changin'
83.9%
Hurricane
82.8%
All I Really Want to Do
82%
Desolation Row
81.2%
All Along the Watchtower
81.1%
Leopard Skin Pill Box Hat
80.2%
% Correct
Idiot Wind
76.9%
Tombstone Blues
76.5%
Visions of Johanna
75.8%
Stuck Inside of Mobile with the Memphis Blues Again
75.1%
It Ain't Me Babe
74%
Tangled up in Blue
73%
Just Like a Woman
72.7%
Gates of Eden
70.9%
Don't Think Twice it's Alright
68.5%
It's all Over Now, Baby Blue
65.2%
If You See Her, Say Hello
62.4%
Sad Eyed Lady of the Lowlands
58.7%

You're not logged in!

Compare scores with friends on all Sporcle quizzes.
Sign Up with Email
OR
Log In

You Might Also Like...

Show Comments

Extras

Top Quizzes Today


Score Distribution

Your Account Isn't Verified!

In order to create a playlist on Sporcle, you need to verify the email address you used during registration. Go to your Sporcle Settings to finish the process.

Report this User

Report this user for behavior that violates our Community Guidelines.

Details: